[Event "GER-ch Seniors 65 32nd"]
[Site "Magdeburg"]
[Date "2020.08.18"]
[Round "5"]
[White "Postler, Reinhard"]
[Black "Bogorad, Michail"]
[Result "1-0"]
[WhiteElo "2238"]
[BlackElo "2064"]
[PlyCount "77"]
[EventDate "2020.08.14"]
[EventType "swiss"]
[EventRounds "9"]
[EventCountry "GER"]
[SourceTitle "EXT 2021"]
[Source "ChessBase"]
[SourceDate "2020.10.23"]
[SourceVersion "1"]
[SourceVersionDate "2020.10.23"]
[SourceQuality "1"]

1. e4 c5 2. Nf3 Nc6 3. d4 cxd4 4. Nxd4 g6 5. c4 Bg7 6. Be3 d6 7. Nc3 h5 8. Qd2 Nf6 9. h3 Bd7 10. Be2 Qa5 11. Nb3 Qc7 12. Nd5 Qc8 13. Nxf6+ Bxf6 14. Bg5 Bxg5 15. Qxg5 Nb4 16. Qd2 Na6 17. Rc1 Nc5 18. Nxc5 dxc5 19. Qg5 Qc7 20. 0-0 b6 21. e5 Be6 22. Rcd1 Rd8 23. b3 Rxd1 24. Rxd1 Kf8 25. h4 Bf5 26. Bd3 Bg4 27. Re1 Be6 28. Re3 Bg4 29. e6 fxe6 30. Bxg6 Bf5 31. Bxf5 exf5 32. Qxf5+ Ke8 33. Qg6+ Kd8 34. Rd3+ Kc8 35. Qe6+ Kb8 36. Rd7 Qf4 37. g3 Qh6 38. Qe5+ Ka8 39. Qe4+ 1-0

[Event "Riga RTU rapid op"]
[Site "Riga"]
[Date "2019.07.04"]
[Round "3"]
[White "Bogorad, Michail"]
[Black "Nevednichy, Vladislav"]
[Result "0-1"]
[WhiteElo "1840"]
[BlackElo "2495"]
[PlyCount "66"]
[EventDate "2019.07.04"]
[EventType "swiss (rapid)"]
[EventRounds "9"]
[EventCountry "LAT"]
[SourceTitle "EXT 2020"]
[Source "ChessBase"]
[SourceDate "2019.10.17"]
[SourceVersion "1"]
[SourceVersionDate "2019.10.17"]
[SourceQuality "1"]

1. e4 c5 2. Nc3 Nc6 3. d3 g6 4. Be3 d6 5. d4 cxd4 6. Bxd4 Nxd4 7. Qxd4 Nf6 8. e5 dxe5 9. Bb5+ Bd7 10. Qxe5 Bc6 11. Rd1 Qb8 12. Nf3 Bg7 13. 0-0 0-0 14. Bxc6 bxc6 15. Qxb8 Rfxb8 16. b3 e6 17. Na4 Nd5 18. c4 Nc3 19. Nxc3 Bxc3 20. Rd3 Bf6 21. Rfd1 a5 22. Nd4 Ra6 23. g3 a4 24. Nc2 axb3 25. axb3 Ra2 26. Ne3 h5 27. Rb1 c5 28. g4 hxg4 29. Nxg4 Bg7 30. Rbd1 Bd4 31. Rf3 f5 32. Nh6+ Kg7 33. Rh3 Bxf2+ 0-1

[Event "GER-ch Seniors 65 31st"]
[Site "Radebeul"]
[Date "2019.04.29"]
[Round "4"]
[White "Scharff, Klaus"]
[Black "Bogorad, Michail"]
[Result "1-0"]
[WhiteElo "1918"]
[BlackElo "2104"]
[PlyCount "73"]
[EventDate "2019.04.26"]
[EventType "swiss"]
[EventRounds "9"]
[EventCountry "GER"]
[SourceTitle "CBM 190 Extra"]
[Source "ChessBase"]
[SourceDate "2019.07.15"]
[SourceVersion "1"]
[SourceVersionDate "2019.07.15"]
[SourceQuality "1"]

1. Nf3 c5 2. g3 Nc6 3. Bg2 g6 4. d3 Bg7 5. e4 d6 6. h3 b5 7. Nbd2 a5 8. a3 Bd7 9. 0-0 a4 10. Ne1 h5 11. f4 Nh6 12. Ndf3 Qc8 13. Kh2 Nd4 14. e5 Ndf5 15. exd6 exd6 16. Qe2+ Kf8 17. Nh4 Nd4 18. Qd1 Rb8 19. Nef3 b4 20. Ng5 b3 21. c3 Nc2 22. Rb1 Nf5 23. Bd5 Nfe3 24. Bxe3 Nxe3 25. Qf3 Nxf1+ 26. Rxf1 Be8 27. f5 gxf5 28. Nxf5 Be5 29. Ne6+ fxe6 30. Nxd6+ Ke7 31. Nxc8+ Rxc8 32. Qe4 Kd6 33. Re1 exd5 34. Qxe5+ Kc6 35. Qxh8 Bd7 36. Qf6+ Kb5 37. Qd6 1-0

[Event "GER-ch Seniors 65 31st"]
[Site "Radebeul"]
[Date "2019.04.26"]
[Round "1"]
[White "Jacob, Barbara"]
[Black "Bogorad, Michail"]
[Result "0-1"]
[WhiteElo "1776"]
[BlackElo "2104"]
[PlyCount "66"]
[EventDate "2019.04.26"]
[EventType "swiss"]
[EventRounds "9"]
[EventCountry "GER"]
[SourceTitle "CBM 190 Extra"]
[Source "ChessBase"]
[SourceDate "2019.07.15"]
[SourceVersion "1"]
[SourceVersionDate "2019.07.15"]
[SourceQuality "1"]

1. e4 c5 2. d4 cxd4 3. c3 Qa5 4. Nf3 Nc6 5. Bc4 Nf6 6. 0-0 Nxe4 7. Nxd4 e6 8. Nxc6 bxc6 9. Bd3 Nf6 10. Nd2 d5 11. Nf3 Bd6 12. Re1 Qc7 13. Qe2 h6 14. g3 0-0 15. Ne5 Bxe5 16. Qxe5 Qxe5 17. Rxe5 Nd7 18. Re1 Nc5 19. Bc2 Ba6 20. Be3 Nd7 21. b4 Bc4 22. a4 g5 23. f4 f6 24. Bd4 Kf7 25. Be3 a6 26. a5 Rg8 27. Rad1 Rae8 28. Bd3 Bxd3 29. Rxd3 gxf4 30. Bxf4 h5 31. Kf2 e5 32. Bc1 e4 33. Rd4 Ne5 0-1

[Event "Magdeburg Roechling Jubilee 2nd"]
[Site "Magdeburg"]
[Date "2018.02.28"]
[Round "5"]
[White "Khanukov, Boris"]
[Black "Bogorad, Michail"]
[Result "1/2-1/2"]
[WhiteElo "2273"]
[BlackElo "2074"]
[PlyCount "26"]
[EventDate "2018.02.24"]
[EventType "swiss"]
[EventRounds "9"]
[EventCountry "GER"]
[SourceTitle "EXT 2019"]
[Source "ChessBase"]
[SourceDate "2018.10.10"]
[SourceVersion "1"]
[SourceVersionDate "2018.10.10"]
[SourceQuality "1"]

1. Nf3 c5 2. e4 g6 3. d4 cxd4 4. Qxd4 Nf6 5. e5 Nc6 6. Qh4 Nxe5 7. Nxe5 Qa5+ 8. Nc3 Qxe5+ 9. Be3 Bg7 10. 0-0-0 0-0 11. Bc4 d6 12. Rhe1 Qa5 13. Bd2 Qd8 1/2-1/2

[Event "Magdeburg Roechling Jubilee 2nd"]
[Site "Magdeburg"]
[Date "2018.02.27"]
[Round "4"]
[White "Bogorad, Michail"]
[Black "Rosen, Willy"]
[Result "1/2-1/2"]
[WhiteElo "2074"]
[BlackElo "2195"]
[PlyCount "38"]
[EventDate "2018.02.24"]
[EventType "swiss"]
[EventRounds "9"]
[EventCountry "GER"]
[SourceTitle "EXT 2019"]
[Source "ChessBase"]
[SourceDate "2018.10.10"]
[SourceVersion "1"]
[SourceVersionDate "2018.10.10"]
[SourceQuality "1"]

1. e4 c5 2. Nc3 Nc6 3. d3 g6 4. Be3 d6 5. d4 cxd4 6. Bxd4 Nxd4 7. Qxd4 Nf6 8. e5 dxe5 9. Bb5+ Bd7 10. Qxe5 Bg7 11. 0-0-0 0-0 12. Bxd7 Nxd7 13. Qb5 Bxc3 14. bxc3 Qc7 15. Qxd7 Qxc3 16. Qd4 Qa5 17. Qd5 Qa3+ 18. Kb1 Rad8 19. Qxd8 Qb4+ 1/2-1/2

[Event "GER-chA Seniors 29th"]
[Site "Berlin"]
[Date "2017.08.14"]
[Round "7"]
[White "Bogorad, Michail"]
[Black "Federau, Juergen"]
[Result "1-0"]
[WhiteElo "2101"]
[BlackElo "2126"]
[PlyCount "63"]
[EventDate "2017.08.07"]
[EventType "swiss"]
[EventRounds "9"]
[EventCountry "GER"]
[SourceTitle "EXT 2019"]
[Source "ChessBase"]
[SourceDate "2018.10.10"]
[SourceVersion "1"]
[SourceVersionDate "2018.10.10"]
[SourceQuality "1"]

1. e4 c5 2. Nc3 Nc6 3. d3 g6 4. Be3 d6 5. d4 cxd4 6. Bxd4 Nxd4 7. Qxd4 f6 8. Bb5+ Kf7 9. Nge2 Nh6 10. 0-0 e6 11. h3 Be7 12. Bc4 Kg7 13. Qd2 Re8 14. Rad1 a6 15. Nf4 Bf8 16. a4 Nf7 17. Nd3 Qc7 18. Bb3 Bd7 19. f4 f5 20. exf5 gxf5 21. Rf3 Kh8 22. Rg3 Bg7 23. Kh2 Rac8 24. Ne2 Bf6 25. Re3 Rcd8 26. Ng3 Kg8 27. Nh5 Bh8 28. Qf2 Bc8 29. Rde1 d5 30. Qg3+ Kf8 31. Ne5 Nd6 32. Qg5 1-0

[Event "Oberliga NRW 1617"]
[Site "Germany"]
[Date "2017.03.26"]
[Round "8.8"]
[White "Voge, Andreas"]
[Black "Bogorad, Michail"]
[Result "1/2-1/2"]
[WhiteElo "2164"]
[BlackElo "2108"]
[PlyCount "60"]
[EventDate "2016.09.25"]
[EventType "team-tourn"]
[EventRounds "9"]
[EventCountry "GER"]
[SourceTitle "EXT 2020"]
[Source "ChessBase"]
[SourceDate "2019.10.17"]
[SourceVersion "1"]
[SourceVersionDate "2019.10.17"]
[SourceQuality "1"]
[WhiteTeam "Oberhausen"]
[BlackTeam "Wuppertal Bahn"]
[WhiteTeamCountry "GER"]
[BlackTeamCountry "GER"]

1. e4 c5 2. Nf3 g6 3. d4 cxd4 4. Nxd4 Bg7 5. c4 Nc6 6. Be3 d6 7. Nc3 Nh6 8. Be2 0-0 9. 0-0 f5 10. Nxc6 bxc6 11. Qd2 Nf7 12. c5 fxe4 13. cxd6 exd6 14. Nxe4 d5 15. Ng5 Nd6 16. Rac1 Bd7 17. Bc5 Qf6 18. Bf3 Kh8 19. Bxd5 cxd5 20. Qxd5 h6 21. Bxd6 Qxg5 22. Qxg5 hxg5 23. Bxf8 Rxf8 24. Rc7 Bb5 25. Rd1 Bxb2 26. Rxa7 Bc4 27. Rad7 Bxa2 28. R7d2 Rb8 29. Rd8+ Rxd8 30. Rxd8+ Bg8 1/2-1/2

[Event "GER-chA Seniors 28th"]
[Site "Niederhausen"]
[Date "2016.08.19"]
[Round "7"]
[White "Bogorad, Michail"]
[Black "Schwertel, Johann"]
[Result "1/2-1/2"]
[WhiteElo "2115"]
[BlackElo "1971"]
[PlyCount "86"]
[EventDate "2016.08.13"]
[EventType "swiss"]
[EventRounds "9"]
[EventCountry "GER"]
[SourceTitle "EXT 2019"]
[Source "ChessBase"]
[SourceDate "2018.10.10"]
[SourceVersion "1"]
[SourceVersionDate "2018.10.10"]
[SourceQuality "1"]

1. e4 c6 2. Nc3 d5 3. d3 e6 4. g3 dxe4 5. Nxe4 Nf6 6. Qe2 Nxe4 7. dxe4 e5 8. Nf3 Be7 9. Bg2 Qc7 10. 0-0 Bg4 11. h3 Bxf3 12. Qxf3 Nd7 13. Qg4 0-0 14. Bh6 Bf6 15. h4 Rfe8 16. Be3 Nf8 17. h5 Qc8 18. Qe2 Ne6 19. Kh2 Qc7 20. c3 b6 21. a4 Bg5 22. Bxg5 Nxg5 23. Qg4 h6 24. Rae1 Rad8 25. Qe2 Re7 26. Rd1 Rxd1 27. Rxd1 Rd7 28. Rxd7 Qxd7 29. f4 exf4 30. gxf4 Ne6 31. Kg3 Nc5 32. e5 Ne6 33. b4 c5 34. b5 Qd8 35. Bf3 Kf8 36. Qe4 Ke7 37. f5 Ng5 38. Qb7+ Kf8 39. Bd5 Qe7 40. Qb8+ Qe8 41. Qd6+ Qe7 42. Qb8+ Qe8 43. Qd6+ Qe7 1/2-1/2

[Event "GER-chA Seniors 28th"]
[Site "Niederhausen"]
[Date "2016.08.17"]
[Round "5"]
[White "Bogorad, Michail"]
[Black "Gerhardt, Peter Michael"]
[Result "1-0"]
[WhiteElo "2115"]
[BlackElo "2006"]
[PlyCount "55"]
[EventDate "2016.08.13"]
[EventType "swiss"]
[EventRounds "9"]
[EventCountry "GER"]
[SourceTitle "EXT 2019"]
[Source "ChessBase"]
[SourceDate "2018.10.10"]
[SourceVersion "1"]
[SourceVersionDate "2018.10.10"]
[SourceQuality "1"]

1. e4 g6 2. d4 Bg7 3. Nc3 d6 4. Be3 Nd7 5. Qd2 c6 6. a4 Qc7 7. Bc4 e6 8. Bb3 b6 9. Nge2 Bb7 10. 0-0 Ne7 11. f4 0-0-0 12. a5 b5 13. a6 Ba8 14. g4 h5 15. g5 b4 16. Na4 c5 17. Qd3 Nb6 18. Nxb6+ axb6 19. c3 Nc6 20. Rfc1 Na5 21. cxb4 Nxb3 22. Qxb3 Qc6 23. dxc5 dxc5 24. Bxc5 Qxe4 25. Bxb6+ Kb8 26. a7+ Kb7 27. Qa3 Qd3 28. Rc7+ 1-0

[Event "GER-chA Seniors 28th"]
[Site "Niederhausen"]
[Date "2016.08.14"]
[Round "2"]
[White "Bogorad, Michail"]
[Black "Rosen, Willy"]
[Result "1/2-1/2"]
[WhiteElo "2115"]
[BlackElo "2274"]
[PlyCount "128"]
[EventDate "2016.08.13"]
[EventType "swiss"]
[EventRounds "9"]
[EventCountry "GER"]
[SourceTitle "EXT 2019"]
[Source "ChessBase"]
[SourceDate "2018.10.10"]
[SourceVersion "1"]
[SourceVersionDate "2018.10.10"]
[SourceQuality "1"]

1. e4 c5 2. Nc3 Nc6 3. d3 g6 4. Be3 d6 5. d4 cxd4 6. Bxd4 Nxd4 7. Qxd4 e5 8. Bb5+ Bd7 9. Qa4 Nf6 10. Nf3 a6 11. Bxd7+ Nxd7 12. Rd1 b5 13. Qb3 Be7 14. 0-0 0-0 15. a3 Rc8 16. Rfe1 Kg7 17. Qa2 Re8 18. Re2 Bf8 19. g3 Nb6 20. Nd5 Rc4 21. b3 Nxd5 22. Rxd5 Rc3 23. Kg2 Qc7 24. Qb2 Rc8 25. Ne1 Be7 26. Rd3 h5 27. Rxc3 Qxc3 28. Qxc3 Rxc3 29. Nd3 a5 30. Nb2 Bg5 31. a4 Bc1 32. Nd3 Ba3 33. axb5 f5 34. f3 Kf6 35. Kf2 Ke6 36. Ke1 Bb4 37. Kd1 Kd7 38. f4 exf4 39. gxf4 fxe4 40. Rxe4 d5 41. Re5 Bd6 42. Rg5 Rc8 43. Rxg6 Rb8 44. Rg5 Rxb5 45. Rxh5 a4 46. bxa4 Ra5 47. h4 Kc6 48. c4 Rxa4 49. cxd5+ Kb5 50. Ke2 Bxf4 51. Nxf4 Rxf4 52. Rh6 Rd4 53. d6 Kc6 54. Ke3 Rxd6 55. Rh8 Kd7 56. h5 Ke7 57. Kf4 Kf7 58. Rh7+ Kg8 59. Re7 Ra6 60. Re5 Rb6 61. Kg5 Ra6 62. h6 Rb6 63. Re8+ Kh7 64. Re7+ Kh8 1/2-1/2

[Event "GER-chA Seniors 28th"]
[Site "Niederhausen"]
[Date "2016.08.13"]
[Round "1"]
[White "Hoelting, Siegfried"]
[Black "Bogorad, Michail"]
[Result "0-1"]
[WhiteElo "1902"]
[BlackElo "2115"]
[PlyCount "101"]
[EventDate "2016.08.13"]
[EventType "swiss"]
[EventRounds "9"]
[EventCountry "GER"]
[SourceTitle "EXT 2019"]
[Source "ChessBase"]
[SourceDate "2018.10.10"]
[SourceVersion "1"]
[SourceVersionDate "2018.10.10"]
[SourceQuality "1"]

1. e4 c5 2. Nf3 g6 3. c3 Bg7 4. d4 Qc7 5. Be3 Nf6 6. e5 Nd5 7. Bd2 cxd4 8. cxd4 0-0 9. Nc3 Nxc3 10. Bxc3 d6 11. Be2 Nc6 12. Rc1 dxe5 13. dxe5 Rd8 14. Qb3 Nxe5 15. 0-0 Nxf3+ 16. Bxf3 Be6 17. Qa3 Bxc3 18. Rxc3 Qb6 19. b3 Rd2 20. Qxe7 Rxa2 21. b4 Rb2 22. Rc7 Rb8 23. Bxb7 Rxb4 24. Bf3 a5 25. Rc6 Qd8 26. Qxd8+ Rxd8 27. h3 a4 28. Ra1 Bb3 29. Rc3 Kg7 30. Kh2 Rd2 31. Kg3 h5 32. Rb1 h4+ 33. Kh2 Rxf2 34. Kg1 Rd2 35. Rcc1 Rbd4 36. Ra1 Rb2 37. Ra3 Rb4 38. Rc3 Rc2 39. Re3 Rbc4 40. Re1 R4c3 41. Rb1 Ra2 42. Rxa2 Bxa2 43. Ra1 Bb3 44. Kf2 Kf6 45. Ke2 a3 46. Kd2 Rc2+ 47. Kd3 Ra2 48. Rc1 Be6 49. Rf1 Ke5 50. Re1+ Kf4 51. Re4+ 0-1

[Event "NRW Class1 1516"]
[Site "Germany"]
[Date "2015.09.27"]
[Round "1.7"]
[White "Brueggemann, Josef"]
[Black "Bogorad, Michail"]
[Result "0-1"]
[WhiteElo "1984"]
[BlackElo "2041"]
[PlyCount "60"]
[EventDate "2015.09.27"]
[EventType "team-tourn"]
[EventRounds "9"]
[EventCountry "GER"]
[SourceTitle "EXT 2017"]
[Source "ChessBase"]
[SourceDate "2016.10.25"]
[SourceVersion "1"]
[SourceVersionDate "2016.10.25"]
[SourceQuality "1"]
[WhiteTeam "Duisburg"]
[BlackTeam "Wuppertal Bahn"]
[WhiteTeamCountry "GER"]
[BlackTeamCountry "GER"]

1. e4 c5 2. Nc3 Nc6 3. g3 g6 4. Bg2 Bg7 5. d3 Rb8 6. Nge2 b5 7. 0-0 d6 8. Nd5 e6 9. Ne3 Nge7 10. c3 b4 11. Qc2 0-0 12. Ng4 h5 13. Ne3 Ba6 14. f4 f5 15. Rd1 Kh7 16. exf5 exf5 17. a3 bxc3 18. bxc3 d5 19. Rb1 Rxb1 20. Qxb1 d4 21. cxd4 Nxd4 22. Nxd4 Qxd4 23. Qb3 Rd8 24. Qf7 Ng8 25. Kh1 Nh6 26. Qxa7 Bxd3 27. Qc7 Rd7 28. Qc8 Re7 29. Nc2 Qf2 30. Qd8 Qxc2 0-1

[Event "GER-chA Seniors 27th"]
[Site "Magdeburg"]
[Date "2015.08.21"]
[Round "7"]
[White "Niebling, Ferdinand"]
[Black "Bogorad, Michail"]
[Result "1/2-1/2"]
[WhiteElo "2146"]
[BlackElo "2049"]
[PlyCount "83"]
[EventDate "2015.08.15"]
[EventType "swiss"]
[EventRounds "9"]
[EventCountry "GER"]
[SourceTitle "EXT 2018"]
[Source "ChessBase"]
[SourceDate "2017.10.13"]
[SourceVersion "1"]
[SourceVersionDate "2017.10.13"]
[SourceQuality "1"]

1. d4 Nf6 2. c4 c5 3. d5 e6 4. Nc3 exd5 5. cxd5 d6 6. e4 g6 7. Nf3 Bg7 8. Bb5+ Bd7 9. a4 0-0 10. 0-0 a6 11. Bxd7 Nbxd7 12. Nd2 Re8 13. Re1 Ne5 14. Nf3 Nfd7 15. Nxe5 Nxe5 16. f4 Nc4 17. Qe2 Bd4+ 18. Kh1 Na5 19. Bd2 Nb3 20. Ra3 Nxd2 21. Qxd2 Qa5 22. Nb1 Qxd2 23. Nxd2 Bxb2 24. Rb3 Bg7 25. Nc4 Rad8 26. Rxb7 f5 27. Rb6 Rxe4 28. Rxe4 fxe4 29. Kg1 Bd4+ 30. Kf1 Rf8 31. g3 g5 32. Nxd6 gxf4 33. Nxe4 fxg3+ 34. Kg2 gxh2 35. Kxh2 Rf4 36. Re6 Rf5 37. Rxa6 Rxd5 38. Nf6+ Bxf6 39. Rxf6 Rd2+ 40. Kg3 Ra2 41. Rc6 Ra3+ 42. Kg2 1/2-1/2

[Event "GER-chA Seniors 27th"]
[Site "Magdeburg"]
[Date "2015.08.17"]
[Round "3"]
[White "Bogorad, Michail"]
[Black "Neese, Hans Joachim"]
[Result "1/2-1/2"]
[WhiteElo "2049"]
[BlackElo "2198"]
[PlyCount "20"]
[EventDate "2015.08.15"]
[EventType "swiss"]
[EventRounds "9"]
[EventCountry "GER"]
[SourceTitle "EXT 2018"]
[Source "ChessBase"]
[SourceDate "2017.10.13"]
[SourceVersion "1"]
[SourceVersionDate "2017.10.13"]
[SourceQuality "1"]

1. e4 c5 2. Nc3 d6 3. g3 Nc6 4. Bg2 g6 5. Nge2 Bg7 6. 0-0 e6 7. d3 Nge7 8. Be3 Nd4 9. Rb1 Nec6 10. Qd2 0-0 1/2-1/2

[Event "NRW Class2 1415"]
[Site "Germany"]
[Date "2015.02.08"]
[Round "6.6"]
[White "Gassmann, Volker"]
[Black "Bogorad, Michail"]
[Result "1/2-1/2"]
[WhiteElo "2131"]
[BlackElo "2020"]
[PlyCount "89"]
[EventDate "2014.09.14"]
[EventType "team-tourn"]
[EventRounds "9"]
[EventCountry "GER"]
[SourceTitle "EXT 2017"]
[Source "ChessBase"]
[SourceDate "2016.10.25"]
[SourceVersion "1"]
[SourceVersionDate "2016.10.25"]
[SourceQuality "1"]
[WhiteTeam "Katernberg II"]
[BlackTeam "Wuppertal Bahn"]
[WhiteTeamCountry "GER"]
[BlackTeamCountry "GER"]

1. c4 c5 2. Nc3 Nc6 3. g3 g6 4. Bg2 Bg7 5. a3 d6 6. Nf3 Nh6 7. 0-0 Nf5 8. Rb1 a5 9. e3 h5 10. h4 Bd7 11. Re1 Rb8 12. b3 0-0 13. Bb2 e5 14. Nb5 Be6 15. Ng5 Bf6 16. Nxe6 fxe6 17. Qc2 Kh7 18. Re2 Qe7 19. Nc3 Rbd8 20. Qd3 Rf7 21. Ne4 Kh6 22. Nxf6 Rxf6 23. Bxc6 bxc6 24. Qe4 Rb8 25. Bc3 Qc7 26. Kh2 Rb7 27. f4 Rf8 28. fxe5 d5 29. cxd5 cxd5 30. Qa4 Ra8 31. e4 dxe4 32. Qxe4 Rab8 33. Qc4 Qc6 34. Rf2 Qd5 35. Qf4+ Kh7 36. g4 hxg4 37. Qxg4 Rg7 38. b4 axb4 39. axb4 cxb4 40. Rxb4 Rxb4 41. Qxb4 g5 42. Qg4 gxh4 43. Qh5+ Kg8 44. Qe8+ Kh7 45. Qh5+ 1/2-1/2

[Event "NRW Class2 1415"]
[Site "Germany"]
[Date "2015.01.11"]
[Round "5.6"]
[White "Rieke, Theo"]
[Black "Bogorad, Michail"]
[Result "1/2-1/2"]
[WhiteElo "1984"]
[BlackElo "2020"]
[PlyCount "82"]
[EventDate "2014.09.14"]
[EventType "team-tourn"]
[EventRounds "9"]
[EventCountry "GER"]
[SourceTitle "EXT 2017"]
[Source "ChessBase"]
[SourceDate "2016.10.25"]
[SourceVersion "1"]
[SourceVersionDate "2016.10.25"]
[SourceQuality "1"]
[WhiteTeam "Neuenkirchen"]
[BlackTeam "Wuppertal Bahn"]
[WhiteTeamCountry "GER"]
[BlackTeamCountry "GER"]

1. Nf3 c5 2. e4 g6 3. d4 cxd4 4. Nxd4 Bg7 5. c4 Nc6 6. Be3 Nh6 7. Nc3 0-0 8. Be2 d6 9. 0-0 f5 10. exf5 Nxf5 11. Nxf5 Bxf5 12. Qd2 Qa5 13. Rac1 Kh8 14. Rfd1 Rac8 15. b3 Rfd8 16. Bh6 Qe5 17. Bxg7+ Qxg7 18. Nd5 b6 19. Bd3 e5 20. Ne3 Nd4 21. Nc2 Ne6 22. Qe3 Nc5 23. Be2 Bxc2 24. Rxc2 Ne6 25. Bg4 Nd4 26. Bxc8 Nxc2 27. Qe4 Nd4 28. Bg4 Rf8 29. g3 h5 30. Be2 Qf6 31. Qe3 Kg7 32. Rd2 h4 33. Bd1 hxg3 34. hxg3 Rh8 35. Bg4 g5 36. Qe4 Qh6 37. Rxd4 exd4 38. Qe7+ Kg6 39. Qe6+ Kg7 40. Qe7+ Kg6 41. Qe6+ Kg7 1/2-1/2

[Event "NRW Class2 1415"]
[Site "Germany"]
[Date "2014.12.14"]
[Round "4.6"]
[White "Bogorad, Michail"]
[Black "Bentel, Robin"]
[Result "1-0"]
[WhiteElo "2020"]
[BlackElo "2120"]
[PlyCount "129"]
[EventDate "2014.09.14"]
[EventType "team-tourn"]
[EventRounds "9"]
[EventCountry "GER"]
[SourceTitle "EXT 2017"]
[Source "ChessBase"]
[SourceDate "2016.10.25"]
[SourceVersion "1"]
[SourceVersionDate "2016.10.25"]
[SourceQuality "1"]
[WhiteTeam "Wuppertal Bahn"]
[BlackTeam "Herford Koenigsspringer"]
[WhiteTeamCountry "GER"]
[BlackTeamCountry "GER"]

1. e4 e5 2. Nf3 Nc6 3. Bb5 a6 4. Bxc6 dxc6 5. 0-0 f6 6. Nxe5 fxe5 7. Qh5+ Ke7 8. Qxe5+ Be6 9. b3 Kd7 10. d4 Qf6 11. Bf4 Bd6 12. Qxf6 gxf6 13. Be3 Rd8 14. c4 Kc8 15. Nc3 h5 16. c5 Be7 17. Rfd1 f5 18. d5 cxd5 19. exd5 Bf7 20. Rac1 Bf6 21. d6 Bxc3 22. Rxc3 Rd7 23. Bf4 Ne7 24. Rcd3 Ng6 25. Bg5 Re8 26. h3 Re5 27. b4 f4 28. h4 Re4 29. a3 Rc4 30. Rd4 Rxd4 31. Rxd4 cxd6 32. cxd6 Be6 33. Bxf4 Nxf4 34. Rxf4 Rxd6 35. f3 b5 36. g4 hxg4 37. fxg4 Rd3 38. Kh2 Rxa3 39. h5 Rc3 40. h6 Rc7 41. g5 Rh7 42. Kg3 Kd7 43. Kh4 Kd6 44. Kh5 Ke5 45. Rf8 Rc7 46. g6 Rc1 47. h7 Rh1+ 48. Kg5 Rg1+ 49. Kh6 Rh1+ 50. Kg7 Bf5 51. h8Q Rxh8 52. Rxh8 Kd4 53. Rh4+ Kc3 54. Kf6 Bb1 55. g7 Ba2 56. Ke7 Bd5 57. Kf8 Kb3 58. g8Q Bxg8 59. Kxg8 Ka4 60. Kf7 a5 61. bxa5+ Kxa5 62. Ke6 b4 63. Kd5 Kb5 64. Kd4 Ka4 65. Kc5 1-0

[Event "GER-ch Seniors"]
[Site "Dresden"]
[Date "2012.08.16"]
[Round "8"]
[White "Bogorad, Michail"]
[Black "Kierzek, Mira"]
[Result "1/2-1/2"]
[WhiteElo "2212"]
[BlackElo "2015"]
[PlyCount "123"]
[EventDate "2012.08.09"]
[EventType "swiss"]
[EventRounds "9"]
[EventCountry "GER"]
[SourceTitle "EXT 2014"]
[Source "ChessBase"]
[SourceDate "2013.11.20"]
[SourceVersion "1"]
[SourceVersionDate "2013.11.20"]
[SourceQuality "1"]

1. c4 e6 2. g3 d5 3. Bg2 Nf6 4. Nf3 c5 5. 0-0 Nc6 6. cxd5 Nxd5 7. Nc3 Be7 8. d3 0-0 9. Bd2 b6 10. a3 Bb7 11. Rc1 Qd7 12. Qa4 Rfd8 13. Kh1 Nf6 14. h3 a6 15. Be3 b5 16. Qd1 Nd4 17. Bxd4 cxd4 18. Nb1 Rac8 19. Rxc8 Rxc8 20. Kh2 Qd6 21. Nbd2 Bf8 22. Qb1 e5 23. Rc1 Rxc1 24. Qxc1 Bd5 25. Qc2 Nd7 26. e3 dxe3 27. fxe3 Bc6 28. Qc3 f6 29. d4 exd4 30. exd4 Bd5 31. Qa5 Qb6 32. Qc3 Qc6 33. Qa5 Bd6 34. Qd8+ Nf8 35. b4 Qc7 36. Qxc7 Bxc7 37. Ne1 Bxg2 38. Kxg2 a5 39. Nc2 Kf7 40. Ne4 axb4 41. axb4 Ke6 42. Nc3 Bb6 43. Kf3 f5 44. Nxb5 Kd7 45. Ne3 Kc6 46. Na3 Bxd4 47. Nxf5 Bc3 48. Ne7+ Kd7 49. Nd5 Be5 50. Nc4 Bb8 51. b5 Ne6 52. b6 Kc6 53. Nf4 Nxf4 54. gxf4 Kc5 55. Ne3 Kxb6 56. Nf5 g6 57. Nd4 Bd6 58. Ke4 Kc7 59. Ne6+ Kd7 60. Ng5 h5 61. Nf7 Ke6 62. Ng5+ 1/2-1/2

[Event "GER-ch Seniors"]
[Site "Dresden"]
[Date "2012.08.11"]
[Round "3"]
[White "Pamperin, Gerhard"]
[Black "Bogorad, Michail"]
[Result "0-1"]
[WhiteElo "1976"]
[BlackElo "2212"]
[PlyCount "68"]
[EventDate "2012.08.09"]
[EventType "swiss"]
[EventRounds "9"]
[EventCountry "GER"]
[SourceTitle "EXT 2014"]
[Source "ChessBase"]
[SourceDate "2013.11.20"]
[SourceVersion "1"]
[SourceVersionDate "2013.11.20"]
[SourceQuality "1"]

1. d4 c5 2. d5 Nf6 3. c4 e6 4. Nc3 exd5 5. Nxd5 Nxd5 6. Qxd5 Nc6 7. Nf3 Be7 8. a3 0-0 9. e3 d6 10. Be2 Be6 11. Qd1 Bf6 12. Rb1 a6 13. 0-0 Qe7 14. Qc2 Rac8 15. Rd1 Rfd8 16. Bd3 g6 17. Be4 b5 18. b3 b4 19. Bd5 Bf5 20. e4 Bg4 21. Rd3 Bxf3 22. Rxf3 Nd4 23. Qd3 Nxf3+ 24. gxf3 bxa3 25. Bxa3 Be5 26. Qf1 Kf8 27. Bc1 Qh4 28. h3 a5 29. Qg2 a4 30. Bg5 Ke8 31. Kf1 Rb8 32. Kg1 Rxb3 33. Rxb3 axb3 34. Qf1 Rb8 0-1